00315nam a2200121Ia 4500008004100000041000800041082001500049100001800064245004100082260003200123300003100155365000700186240624s9999 xx 000 0 und d aeng a302.35 SIN aSINHA JAI B P aCULTURE AND ORGANIZATIONAL BEHAVIOUR c2008aNew DelhibSage India axix, : 426 : p. : cm. ; 23 cRS